| 000 | 00972nas a2200229 a 4500 | ||
|---|---|---|---|
| 003 | AM-YEHGA | ||
| 005 | 20260216161941.0 | ||
| 008 | 260216d1909 tu |||ne||||||| ||arm|d | ||
| 040 | _a AM-YEHGA | ||
| 041 | 0 | _aarm | |
| 245 | 0 | 0 |
_aՆոր հոսանք : _bՀասարակական, քաղաքական, տնտեսական եւ գրական շաբաթաթերթ / _cԱրտօնատէր՝ Գարեգին Կոզիկեան ; Խմբ.՝ Հրանտ Արծուիկ. |
| 260 |
_aԿ. Պոլիս : _bտպ. Շանթ, _c1909. |
||
| 300 |
_a8 էջ ; _c30 x 23 սմ. |
||
| 362 | 0 | _a1909 | |
| 546 | _aԲնագիրը՝ հայերեն | ||
| 650 | 1 | 4 |
_aՀասարակական-քաղաքական կյանք _vՊարբերականներ _yXXդ. |
| 651 | 4 |
_aՍտամբուլ _95934 |
|
| 651 | 4 | _aԹուրքիա | |
| 700 | 1 |
_aԿոզիկեան, Գարեգին, _d1878-1915 _eարտօնատէր |
|
| 700 | 1 |
_aՆազարեան, Հրանտ (Հրանտ Արծուիկ) _eխմբ. |
|
| 942 |
_2udc _cCR _n0 |
||
| 999 |
_c541096 _d541096 |
||